| 000 | 00000nam 2200000zi 4500 |
| 001 | 9.898305 |
| 003 | CaOODSP |
| 005 | 20240722132257 |
| 006 | m o d f |
| 007 | cr |n||||||||| |
| 008 | 210406s1977 onc o f000 0|eng d |
| 040 | |aCaOODSP|beng|erda|cCaOODSP |
| 043 | |an-cn-bc|an-cn--- |
| 086 | 1 |aRE24-60/1977E-PDF |
| 245 | 00|aSubsidiary agreement, Canada-British Columbia, agriculture and rural development, July 8, 1977. |
| 246 | 33|aCanada-British Columbia Subsidiary Agreement on Agriculture and Rural Development |
| 264 | 1|a[Ottawa] : |bRegional Economic Expansion = Expansion économique régionale, |c[1977] |
| 300 | |a1 online resource (28 pages) |
| 336 | |atext|btxt|2rdacontent |
| 337 | |acomputer|bc|2rdamedia |
| 338 | |aonline resource|bcr|2rdacarrier |
| 500 | |aDigitized edition from print [produced by Innovation, Science and Economic Development Canada]. |
| 500 | |aIssued also in French under title: Entente auxiliaire, Canada-Colombie-Britannique, le deĢveloppement agricole et rural, 8 juillet 1977. |
| 650 | 0|aEconomic assistance, Domestic|zBritish Columbia. |
| 650 | 0|aAgriculture and state|zBritish Columbia. |
| 650 | 0|aRural development|zBritish Columbia. |
| 650 | 0|aFederal government|zBritish Columbia. |
| 710 | 1 |aCanada. |bDepartment of Regional Economic Expansion, |eissuing body. |
| 775 | 08|tEntente auxiliaire, Canada-Colombie-Britannique, le deĢveloppement agricole et rural, 8 juillet 1977.|w(CaOODSP)9.940830 |
| 856 | 40|qPDF|s639 KB|uhttps://publications.gc.ca/collections/collection_2024/isde-ised/re24/RE24-60-1977-eng.pdf |